000 00762nam a22001937a 4500
005 20250121164304.0
010 _aHIN-129315
020 _a9789390607600
_c225.00
035 _aHN-101616
037 _bDBAD
082 _a
100 _aTejgyan global Foundation
_976850
245 _aगर्भ संस्कार सवाल जवाब; The Essence of a Mother's Journey during Pregnancy;
_c A Happy Thoughts Initiative/
_bTejgyan global Foundation
260 _aपुणे
_bवँव पब्लिशिंग्ज प्रा. लि.,
_c2023
270 _bपुणे
300 _a152 पृ.
_c22 सेमी (अजिल्द)
700 _aTejgyan global Foundation
_976798
942 _2ddc
_cHN
_h573.67
_mTej
999 _c208670
_d208670